000 00390nam a2200169Ia 4500
008 210210b1928 xxu||||| |||| 00| 0 eng d
041 _aeng
082 _a590/275
100 _aSAVORY (T H)
245 _aBiology of spiders
260 _aLondon
_bSidgwick and Jackson Limited
_c1928
650 _aspiders
650 _aof
650 _aBiology
690 _aZoology
906 _a010845
999 _c138737
_d138737